| 000 | 00967nam a22002537a 4500 | ||
|---|---|---|---|
| 999 |
_c314106 _d314106 |
||
| 001 | 27754 | ||
| 003 | UA-OsUOA | ||
| 005 | 20200126210530.0 | ||
| 007 | ta | ||
| 008 | 20040913b un ||||| |||| 00| 0 ukr d | ||
| 020 | _a966-8001-03-6 | ||
| 040 |
_aUA-OsUOA _bukr _cUA-OsUOA _dUA-OsUOA |
||
| 041 | _aukr | ||
| 044 | _aUA | ||
| 080 | _a82.09(477) | ||
| 090 |
_a82.09(477) _bУ45 |
||
| 245 |
_aУкраїнське слово: в 4-х книгах _bхрестоматія української літератури та літературної критики XX століття _cупоряд. В. Яременко |
||
| 260 |
_aКиїв _bАконіт _c2003 |
||
| 300 | _a800 с. | ||
| 505 |
_gКн. 3 _tКультурно-історична епоха соцреалізму (тоталітаризму) і активного йому спротиву (антитоталітаризму)- 1941-1991 рр. |
||
| 650 | 7 | _2UDC | |
| 942 |
_cBK _2udc |
||
| 955 | _a0 | ||